000 00608nam a2200229 a 4500
999 _c5726
_d5726
001 5726
003 BD-JhCC
005 20171220163521.0
008 171220s19362005ii a|||| || | 000 0 eng d
035 _a(BD-JhCC)5726
040 _aBD-JhCC
_dBD-JhCC
041 _aeng
082 _a428
_bWRE 2005
100 _aWren, P. C.
245 _aHigh School English Grammar & Composition /
_cP. C. Wren & H. Martin
260 _aNew Delhi :
_bS. Chand & Company Ltd,
_c2005.
300 _a416 p. :
_c24 cm.
650 _aEnglish Language
_xGrammar
700 _aMartin H.
942 _2ddc
_cBK